1835 1887 1404 1129 1611 1525 1923 1402 1829 1937 1254 1584 1099 1232 1766 1071 1376 1696 1917 1156 1732 1561 1033 1337 1591 1632 1687 1622 1084 1702 1507 1450 1732 1663 1972 1176 1499 1359 1702 1396 1971 1136 1243 1444 1612 1178 1920 1001 1775 1301 1483 1451 1215 1515 1507 1208 1939 1134 1103 1510 1725 1834 1316 1296 1500 1838 1074 1965 1098 1206 1390 1082 1761 1511 1796 1580 1709 1165 1249 1116 1059 1731 1243 1424 1174 1948 1046 1894 1246 1671 1426 1563 1665 1160 1190 1663 1231 1385 1088 BCNSPRNW ULIB Ver.6.0+V

เปลี่ยนเป็นภาษาไทย

Change to English
 แสดงรายละเอียดบรรณานุกรม
  กลับหน้าหลัก

Brief Record : Get Marc (ISO 2709) : E-mail record : QR code < ปิดหน้าต่าง
LEADER : 00000nam 2200000uu 4500
001    13399111981
003     ULIB
008    110627s2552||||th 000 0 tha d
020    9786110600965
090    นว.^bM111S 2552
100 0  Merlin
245 00 Sweet Gossip ซุบซิบ หัวใจนายน่าจุ๊บ/^cMerlin
250    พิมพ์ครั้งที่ 1
260    กรุงเทพฯ :^bแจ่มใส,^c2552
300    210 หน้า
710 1  แจ่มใส
945    ^p159^l0^i026758
995    ทศพร
999 ^a ใช้งานได้ทุกระบบ
รายการนี้ยังไม่มีแท็ก
คุณยังไม่ได้ล็อกอิน คุณสามารถมีกิจกรรมร่วมกับเว็บไซต์ได้ แต่ต้องล็อกอินก่อน ::
  ล็อกอิน

รายการสื่อสารสนเทศ

ลำดับที่ ประเภท เลขเรียก/บาร์โค้ด สถานที่ สถานะ
- ไม่พบข้อมูล -

BibComment


ยังไม่เคยถูกคอมเมนท์

คอมเมนท์ทรัพยากรรายการนี้
  คอมเมนท์: Sweet Gossip ซุบซ..


 Copyright 2026. Bcnsprnw @Library